Most Popular Foods In The World - Statistics

General Stats
  • This quiz has been taken 298 times
    176 since last reset
  • The average score is 7 of 29
Answer Stats
Picture Answer % Correct
Strawberry
94%
Orange
87%
Hamburger
86%
Pear
84%
Churro
72%
Rice
67%
Cake
50%
Macaroon
35%
Smoothie
22%
Cookie
19%
Pie
13%
Turkey
13%
Nachos
8%
Steak
7%
Jello
5%
Pizza
5%
S'Mores
4%
Macaroni
3%
Popcorn
3%
Chicken
2%
Donut
2%
Ice Cream
2%
Oreo
2%
Cinnamon Bun
1%
Coca Cola
1%
Waffles
1%
French Fries
0%
Hot Dog
0%
Ribs
0%
No matching quizzes found
Score Distribution
Percent of People with Each Score
Percentile by Number Answered
Your Score History
You have not taken this quiz since the last reset